| 000 | 01442nam a2200385 c 4500 | ||
|---|---|---|---|
| 999 |
_c164775 _d164775 |
||
| 003 | BLK | ||
| 005 | 20250607105752.0 | ||
| 008 | 180410b bul|||||r ||||||| ||bul|| | ||
| 010 | _aKNG00172322000 | ||
| 020 | _a978-619-150-378-0 | ||
| 040 | _aBLK | ||
| 041 |
_aBUL _cBUL |
||
| 072 | 7 |
_2bullib _aН8301 _xТрилъри Н |
|
| 080 |
_aАмериканска литература (на САЩ) _b821.111(73) _x-312.4 _z821.111(73)-312.4 |
||
| 100 | 1 |
_aКоубън, Харлан _eпърви автор _983442 |
|
| 139 |
_aКобен, Харлан _bК 87 |
||
| 245 | 1 | 0 |
_aШест години _bРоман _cХарлан Коубън; * Харлан Кобен; прев. от англ. Венцислав Константинов Венков. |
| 257 | _aUSA | ||
| 260 |
_bКолибри _c2014 _fСофия : Инвестпрес |
||
| 300 |
_a360 с. _c20 см |
||
| 380 | _aX | ||
| 500 | _aОриг. загл. Six Years / Harlan Coben. | ||
| 653 | _aтрилъри | ||
| 653 | _aромани | ||
| 659 | _aН | ||
| 700 | 1 |
_aКобен, Харлан _e* _979932 |
|
| 700 | 1 |
_aВенков, Венцислав Константинов _eпрев. от англ. _9367682 |
|
| 852 | _aЦб 188107 | ||
| 856 | 4 | _qpdf | |
| 856 | 4 | _qpdf | |
| 942 |
_cKNG _n0 _093 _s1 |
||
| 944 |
_aCR _c27.02.2015 _lДиана Гривева _k30529 |
||
| 944 |
_aED _c10.08.2016 _lф / _kПенка_Димитрова |
||
| 999 | _d164775 | ||